| 000 | 01681nam0a2200373 i 4500 | ||
|---|---|---|---|
| 001 | RU\NLR\BIBL_A\010353878 | ||
| 005 | 20260406134242.0 | ||
| 010 |
_a9785386063337 _950000 |
||
| 021 |
_aRU _b2014-15599 _9999 |
||
| 035 | _a(NILC)RuMoRGB-006756113 | ||
| 035 | _a(NLR Aleph) 010353878 | ||
| 090 |
_a10756480 _c10756480 |
||
| 100 | _a20140506d2013 b y0rusy50 ca | ||
| 101 | 1 |
_arus _cdan |
|
| 102 | _aRU | ||
| 105 | _aa|||z||||||a| | ||
| 200 | 1 |
_aСоловей _aСуп из колбасной палочки _e[для младшего школьного возраста] _fГанс Христиан Андерсен _gпер. [с дат.] А Ганзен _gхудож. Д. Махашвили, Ю. Панипартова |
|
| 210 |
_aМосква _cРИПОЛ классик _d2013 |
||
| 215 |
_a38, [1] с. _cцв. ил. _d29 |
||
| 225 | 1 | _aЛюбимые книги детства | |
| 225 | 1 | _aЧудеса бывают! | |
| 300 | _aНа обл. только авт. и загл. 1-го произведения | ||
| 675 | _a821.113.4-93 | ||
| 686 | 0 | _aШ9(4Д)60-4 | |
| 700 | 1 |
_7ca _8rus _aАндерсен _bХ. К. _f1805-1875 _gХанс Кристиан _9112181 _3RU\NLR\AUTH\772165 |
|
| 702 | 1 |
_4040 _7ca _8rus _aМахашвили _bД. И. _cхудожник _f1957- _gДмитрий Иванович _965051 _3RU\NLR\AUTH\7782123 |
|
| 702 | 1 |
_4040 _7ca _8rus _aПанипартова _bЮ. Н. _cхудожник _f1956- _gЮлия Николаевна _948097 _3RU\NLR\AUTH\7765168 |
|
| 801 | 0 |
_aRU _bRuMoRKP _c20140303 _gRCR |
|
| 801 | 2 |
_aRU _bРГБ _c20140324 _grcr |
|
| 942 | _cBOOK | ||
| 980 | _aNBR | ||